Tramitación y resolución en las cortes de apelaciones

Збережено в:
Бібліографічні деталі
Автор: Cornejo Manríquez, Aníbal (Автор)
Формат: Книга
Мова:Іспанська
Опубліковано: Santiago El Jurista 2010
Редагування:1a. ed
Предмети:
Теги: Додати тег
Немає тегів, Будьте першим, хто поставить тег для цього запису!

MARC

LEADER 00000nam a2200000 a 4500
001 UCG4232
003 CL-VaPUC
008 101021e20100000CL |||||||||||||||||spa|d
020 |a 9568170209 
082 0 4 |a 347.8301  |b COR  |2 21 
100 0 |a Cornejo Manríquez, Aníbal  |e author  |9 553584 
245 1 0 |a Tramitación y resolución en las cortes de apelaciones 
250 |a 1a. ed 
300 |a 248 p 
942 |c BK 
945 |d 20101021 00:00:00  |a mfarfan 
260 |a Santiago  |b El Jurista  |c 2010 
650 7 |a CORTE DE APELACIONES  |2 CL-VaPUC  |9 385526 
650 0 |a Recurso de nulidad  |9 494481 
650 0 |a Recurso de protección   |9 255487 
583 |a last modification  |c 20101021 00:00:00  |k Rodrigo Vera 
999 |c 343066  |d 343064 
952 |0 0  |1 0  |4 0  |6 347_830100000000000_COR_2010  |7 0  |8 A  |9 440000  |a BIBDER  |b BIBDER  |d 2019-11-22  |i 4727185  |l 1  |o 347.8301 COR 2010  |p 4727185  |r 2024-05-23  |s 2024-05-23  |w 2019-11-22  |y BK  |k DER